[Event "2nd Gujarat Open 2019"]
[Site "Ahmedabad, Gujarat"]
[Date "2019.09.26"]
[Round "7.34"]
[White "Anustoop Biswas"]
[Black "Tamhankar, Siddhant"]
[Result "1-0"]
[WhiteElo "2154"]
[BlackElo "1750"]
[Annotator "NA"]
[PlyCount "73"]
[EventDate "2019.09.22"]
[EventType "swiss"]
[EventCountry "IND"]
[SourceTitle "playchess.com"]
[Source "ChessBase"]
[SourceQuality "1"]
[TimeControl "5400+30"]

1. e4 {[%emt 0:00:30]} c5 {[%emt 0:00:00]} 2. b3 {[%emt 0:00:30]} d6 {[%emt 0:02:01]} 3. Bb2 {[%emt 0:00:30]} Nf6 {[%emt 0:02:45]} 4. Bb5+ {[%emt 0:00:30]} Bd7 {[%emt 0:00:35]} 5. Bxd7+ {[%emt 0:00:04]} Qxd7 {[%emt 0:00:44]} 6. Nc3 {[%emt 0:00:49]} Nc6 7. f4 {[%emt 0:00:31]} g6 {[%emt 0:03:42]} 8. Nf3 {[%emt 0:01:48]} Bg7 {[%emt 0:01:47]} 9. Qe2 {[%emt 0:01:11]} O-O {[%emt 0:03:06]} 10. O-O {[%emt 0:01:09]} Nh5 {[%emt 0:07:20]} 11. f5 {[%emt 0:11:04]} Rac8 {[%emt 0:09:46]} 12. Nd1 {[%emt 0:07:51]} a6 13. Bxg7 {[%emt 0:00:30]} Kxg7 {[%emt 0:00:00]} 14. Ne3 {[%emt 0:00:30]} Nf6 {[%emt 0:29:29]} 15. Nd5 {[%emt 0:23:30]} Qd8 {[%emt 0:13:36]} 16. c3 {[%emt 0:00:42]} Ne5 {[%emt 0:02:07]} 17. fxg6 {[%emt 0:07:52]} hxg6 {[%emt 0:01:51]} 18. Ng5 {[%emt 0:01:26]} Rh8 {[%emt 0:03:57]} 19. h3 {[%emt 0:04:44]} Rh5 {[%emt 0:01:02]} 20. Qe3 {[%emt 0:00:34]} c4 {[%emt 0:03:48]} 21. Qg3 {[%emt 0:07:29]} b5 {[%emt 0:05:53]} 22. bxc4 {[%emt 0:00:03]} Nxc4 {[%emt 0:00:59]} 23. d3 {[%emt 0:00:57]} Ne5 {[%emt 0:02:19]} 24. Nf4 {[%emt 0:06:59]} Qb6+ {[%emt 0:00:18]} 25. d4 {[%emt 0:00:03]} Rh6 {[%emt 0:00:12]} 26. Rf2 {[%emt 0:00:38]} Ned7 {[%emt 0:01:16]} 27. Raf1 {[%emt 0:01:33]} e6 {[%emt 0:01:49]} 28. e5 {[%emt 0:00:44]} dxe5 {[%emt 0:00:13]} 29. dxe5 {[%emt 0:00:05]} Nh5 {[%emt 0:00:55]} 30. Nxh5+ {[%emt 0:01:14]} Rxh5 {[%emt 0:00:01]} 31. Kh1 {[%emt 0:00:31]} f5 {[%emt 0:01:26]} 32. exf6+ {[%emt 0:00:02]} Kf8 {[%emt 0:00:10]} 33. Qg4 {[%emt 0:04:26]} Nc5 {[%emt 0:02:43]} 34. Re2 {[%emt 0:00:38]} Rc6 {[%emt 0:00:35]} 35. f7 {[%emt 0:03:46]} Rd6 {[%emt 0:00:08]} 36. Qxh5 {[%emt 0:00:23]} gxh5 {[%emt 0:00:14]} 37. Nh7+ {[%emt 0:00:05]} 1-0

[Event "2nd Gujarat Open 2019"]
[Site "Ahmedabad, Gujarat"]
[Date "2019.09.26"]
[Round "7.35"]
[White "Aditya P Melani"]
[Black "Joshi, Govind Ballabh"]
[Result "1/2-1/2"]
[WhiteElo "1847"]
[BlackElo "2118"]
[Annotator "NA"]
[PlyCount "78"]
[EventDate "2019.09.22"]
[EventType "swiss"]
[EventCountry "IND"]
[SourceTitle "playchess.com"]
[Source "ChessBase"]
[SourceQuality "1"]
[TimeControl "5400+30"]

1. c4 {[%emt 0:00:42]} e6 {[%emt 0:00:08]} 2. Nf3 {[%emt 0:00:25]} d5 {[%emt 0:00:02]} 3. g3 {[%emt 0:00:11]} Nf6 {[%emt 0:01:13]} 4. Bg2 {[%emt 0:00:09]} dxc4 {[%emt 0:00:37]} 5. Na3 {[%emt 0:00:07]} Bxa3 {[%emt 0:03:14]} 6. bxa3 {[%emt 0:00:04]} O-O {[%emt 0:02:47]} 7. Bb2 {[%emt 0:00:08]} Nc6 {[%emt 0:02:41]} 8. Qc2 {[%emt 0:00:08]} Re8 {[%emt 0:01:52]} 9. Qxc4 {[%emt 0:00:08]} e5 {[%emt 0:00:26]} 10. Ng5 {[%emt 0:00:32]} Qe7 {[%emt 0:10:39]} 11. O-O {[%emt 0:00:04]} h6 {[%emt 0:10:32]} 12. Ne4 {[%emt 0:00:02]} Nd7 {[%emt 0:04:45]} 13. e3 {[%emt 0:14:53]} Nb6 {[%emt 0:03:00]} 14. Qc2 {[%emt 0:03:39]} Bf5 {[%emt 0:02:52]} 15. f4 {[%emt 0:18:50]} exf4 {[%emt 0:00:30]} 16. Rxf4 {[%emt 0:00:30]} Bg6 {[%emt 0:00:30]} 17. Qc3 {[%emt 0:00:30]} Ne5 {[%emt 0:00:30]} 18. Nc5 {[%emt 0:00:30]} c6 {[%emt 0:00:30]} 19. Qxe5 {[%emt 0:00:30]} Qxe5 {[%emt 0:00:30]} 20. Bxe5 {[%emt 0:00:30]} Rxe5 {[%emt 0:00:30]} 21. Nxb7 {[%emt 0:00:30]} Rc8 {[%emt 0:20:04]} 22. Rc1 {[%emt 0:09:30]} c5 {[%emt 0:03:45]} 23. a4 {[%emt 0:03:28]} Rc7 {[%emt 0:11:13]} 24. d4 {[%emt 0:03:29]} Rxe3 {[%emt 0:02:37]} 25. dxc5 {[%emt 0:01:52]} Rd3 {[%emt 0:03:16]} 26. Rb4 {[%emt 0:11:40]} Rd2 {[%emt 0:07:36]} 27. c6 {[%emt 0:11:15]} Nd5 {[%emt 0:02:04]} 28. Rb3 {[%emt 0:00:57]} Nf6 {[%emt 0:01:04]} 29. Na5 {[%emt 0:03:51]} Be4 {[%emt 0:00:40]} 30. Bxe4 {[%emt 0:00:53]} Nxe4 {[%emt 0:00:15]} 31. Rb7 {[%emt 0:00:31]} Ng5 {[%emt 0:01:22]} 32. Kf1 {[%emt 0:05:01]} Rc8 {[%emt 0:02:48]} 33. c7 {[%emt 0:00:49]} Kh7 {[%emt 0:00:08]} 34. Rb8 {[%emt 0:02:26]} Nf3 {[%emt 0:00:07]} 35. Rb3 {[%emt 0:01:54]} Rxh2 {[%emt 0:00:20]} 36. Rd1 {[%emt 0:03:17]} Rd2 {[%emt 0:01:26]} 37. Rc1 Rh2 38. Rd1 Nd2+ 39. Rxd2 Rxd2 1/2-1/2

[Event "2nd Gujarat Open 2019"]
[Site "Ahmedabad, Gujarat"]
[Date "2019.09.26"]
[Round "7.36"]
[White "Pimpalkhare Vedant"]
[Black "Chilukuri Sai Varshith"]
[Result "1/2-1/2"]
[WhiteElo "2104"]
[BlackElo "1813"]
[Annotator "NA"]
[PlyCount "104"]
[EventDate "2019.09.22"]
[EventType "swiss"]
[EventCountry "IND"]
[SourceTitle "playchess.com"]
[Source "ChessBase"]
[SourceQuality "1"]
[TimeControl "5400+30"]

1. b3 {[%emt 0:00:00]} Nf6 {[%emt 0:00:42]} 2. Bb2 {[%emt 0:00:00]} g6 {[%emt 0:02:19]} 3. Bxf6 {[%emt 0:00:31]} exf6 {[%emt 0:00:09]} 4. c4 {[%emt 0:00:05]} Bg7 {[%emt 0:01:27]} 5. Nc3 {[%emt 0:00:05]} f5 {[%emt 0:00:21]} 6. Rc1 {[%emt 0:00:01]} b6 {[%emt 0:00:05]} 7. e3 {[%emt 0:04:57]} Bb7 {[%emt 0:00:04]} 8. Nf3 {[%emt 0:00:24]} O-O {[%emt 0:00:44]} 9. Be2 {[%emt 0:00:31]} d6 {[%emt 0:05:05]} 10. O-O {[%emt 0:02:22]} Nd7 {[%emt 0:04:20]} 11. Re1 {[%emt 0:08:47]} Nf6 {[%emt 0:05:38]} 12. d3 {[%emt 0:01:42]} c5 {[%emt 0:05:07]} 13. d4 {[%emt 0:10:25]} Ne4 {[%emt 0:00:37]} 14. Nd5 {[%emt 0:01:42]} Nf6 {[%emt 0:01:17]} 15. Nc3 {[%emt 0:16:42]} Ne4 {[%emt 0:00:17]} 16. Nd5 {[%emt 0:02:15]} Nf6 {[%emt 0:01:58]} 17. Nf4 {[%emt 0:05:31]} Ne4 {[%emt 0:03:17]} 18. Qd3 {[%emt 0:11:16]} Bc6 {[%emt 0:03:26]} 19. Rcd1 {[%emt 0:07:17]} Qc7 {[%emt 0:01:00]} 20. Nd2 {[%emt 0:03:50]} Rfe8 {[%emt 0:03:57]} 21. Bf3 {[%emt 0:07:54]} Qe7 {[%emt 0:02:16]} 22. Nf1 {[%emt 0:04:58]} Rad8 {[%emt 0:01:00]} 23. Ng3 {[%emt 0:02:01]} Bb7 {[%emt 0:01:54]} 24. Qc2 {[%emt 0:02:26]} Ba8 {[%emt 0:01:55]} 25. Bxe4 {[%emt 0:01:21]} fxe4 {[%emt 0:00:07]} 26. dxc5 {[%emt 0:00:04]} dxc5 {[%emt 0:00:10]} 27. Rxd8 {[%emt 0:00:07]} Rxd8 {[%emt 0:00:07]} 28. Rd1 {[%emt 0:00:30]} f5 {[%emt 0:00:30]} 29. Nge2 {[%emt 0:02:10]} Be5 {[%emt 0:01:40]} 30. g3 {[%emt 0:01:30]} Bc6 {[%emt 0:00:26]} 31. Rd2 {[%emt 0:01:33]} Rxd2 {[%emt 0:00:29]} 32. Qxd2 {[%emt 0:00:01]} Qd6 {[%emt 0:00:09]} 33. Qxd6 {[%emt 0:00:05]} Bxd6 {[%emt 0:00:04]} 34. Nc3 {[%emt 0:00:58]} Bxf4 {[%emt 0:00:07]} 35. exf4 {[%emt 0:00:39]} Kf7 {[%emt 0:00:09]} 36. Kf1 {[%emt 0:00:05]} Ke6 {[%emt 0:00:14]} 37. Ke2 {[%emt 0:00:06]} h5 {[%emt 0:00:13]} 38. h4 {[%emt 0:02:37]} Kd6 {[%emt 0:00:04]} 39. Ke3 {[%emt 0:00:05]} Ke6 {[%emt 0:00:12]} 40. Nb1 {[%emt 0:01:31]} Kd6 {[%emt 0:00:08]} 41. Nc3 {[%emt 0:00:20]} Ke6 {[%emt 0:00:06]} 42. Nb1 {[%emt 0:00:01]} Kd6 {[%emt 0:00:05]} 43. Na3 {[%emt 0:00:55]} Ke6 {[%emt 0:00:04]} 44. Nc2 {[%emt 0:00:43]} Kd6 {[%emt 0:00:05]} 45. Na3 {[%emt 0:00:47]} Ke6 {[%emt 0:00:04]} 46. Nb1 {[%emt 0:00:14]} Kd6 {[%emt 0:00:04]} 47. Nc3 {[%emt 0:00:03]} Ke6 {[%emt 0:00:03]} 48. Ne2 {[%emt 0:00:05]} Kd6 {[%emt 0:00:09]} 49. Ng1 {[%emt 0:00:59]} Ke6 {[%emt 0:00:10]} 50. Nh3 {[%emt 0:00:10]} Kf7 {[%emt 0:00:24]} 51. Ng5+ {[%emt 0:00:31]} Kf6 {[%emt 0:00:05]} 52. Nh3 {[%emt 0:00:16]} Ke6 1/2-1/2

[Event "2nd Gujarat Open 2019"]
[Site "Ahmedabad, Gujarat"]
[Date "2019.09.27"]
[Round "8.1"]
[White "Rozum, Ivan"]
[Black "Manush Shah"]
[Result "1-0"]
[WhiteElo "2596"]
[BlackElo "2352"]
[Annotator "ChessBase"]
[PlyCount "123"]
[EventDate "2019.09.22"]
[EventType "swiss"]
[EventCountry "IND"]
[SourceTitle "playchess.com"]
[Source "ChessBase"]
[SourceQuality "1"]
[TimeControl "5400+30"]

1. e4 {[%emt 0:01:25]} c6 {[%emt 0:00:00]} 2. Nc3 {[%emt 0:00:06]} d5 {[%emt 0:00:00]} 3. Nf3 {[%emt 0:00:05]} dxe4 {[%emt 0:00:00]} 4. Nxe4 {[%emt 0:00:07]} Nf6 {[%emt 0:00:14]} 5. Qe2 Nxe4 {[%emt 0:00:15]} 6. Qxe4 {[%emt 0:00:15]} Qd5 {[%emt 0:00:06]} 7. Qh4 {[%emt 0:00:08]} Bf5 {[%emt 0:00:08]} 8. Bc4 {[%emt 0:01:15]} Qd6 {[%emt 0:01:51]} 9. d3 {[%emt 0:09:37]} e6 {[%emt 0:02:42]} 10. Bf4 {[%emt 0:07:33]} Qb4+ {[%emt 0:03:34]} 11. Bd2 {[%emt 0:03:00]} Qd6 {[%emt 0:12:04]} 12. O-O-O {[%emt 0:10:51]} Be7 {[%emt 0:01:14]} 13. Qg3 {[%emt 0:00:53]} Qxg3 {[%emt 0:01:37]} 14. hxg3 {[%emt 0:00:43]} h6 {[%emt 0:06:20]} 15. Bc3 {[%emt 0:08:52]} O-O {[%emt 0:02:18]} 16. Ne5 {[%emt 0:00:45]} b5 {[%emt 0:12:40]} 17. Bb3 {[%emt 0:01:41]} a5 {[%emt 0:01:03]} 18. a4 {[%emt 0:01:52]} Bf6 {[%emt 0:02:48]} 19. Rde1 {[%emt 0:04:54]} Bxe5 {[%emt 0:05:36]} 20. Bxe5 {[%emt 0:00:58]} Nd7 {[%emt 0:00:02]} 21. Bd4 {[%emt 0:01:47]} Rfc8 {[%emt 0:01:29]} 22. Be3 {[%emt 0:01:46]} Rab8 {[%emt 0:02:38]} 23. Rh4 {[%emt 0:02:59]} Nb6 {[%emt 0:07:04]} 24. g4 bxa4 {[%emt 0:01:49]} 25. Bxa4 {[%emt 0:08:23]} Bg6 {[%emt 0:05:16]} 26. g5 {[%emt 0:06:12]} Nxa4 {[%emt 0:01:57]} 27. Rxa4 {[%emt 0:00:05]} hxg5 {[%emt 0:00:57]} 28. Bxg5 {[%emt 0:00:27]} Rb5 {[%emt 0:04:33]} 29. Bd2 {[%emt 0:00:54]} Rh5 {[%emt 0:05:01]} 30. Rxa5 {[%emt 0:00:36]} Rxa5 {[%emt 0:01:35]} 31. Bxa5 {[%emt 0:00:02]} Ra8 {[%emt 0:00:07]} 32. Re5 {[%emt 0:00:56]} Rb8 {[%emt 0:00:58]} 33. Bd2 {[%emt 0:09:13]} Kf8 {[%emt 0:06:32]} 34. Ra5 {[%emt 0:00:48]} f6 {[%emt 0:00:57]} 35. Ra7 {[%emt 0:01:02]} Rc8 {[%emt 0:01:16]} 36. Bb4+ {[%emt 0:01:20]} Kg8 {[%emt 0:01:26]} 37. Bc5 {[%emt 0:00:06]} e5 {[%emt 0:00:34]} 38. f3 {[%emt 0:02:39]} Bf7 {[%emt 0:01:49]} 39. Kd2 {[%emt 0:00:35]} Bd5 {[%emt 0:00:24]} 40. b3 {[%emt 0:03:03]} Re8 {[%emt 0:01:21]} 41. Rc7 {[%emt 0:02:07]} Rb8 {[%emt 0:02:00]} 42. Ba7 {[%emt 0:01:47]} Ra8 {[%emt 0:00:22]} 43. Kc3 {[%emt 0:00:50]} g5 {[%emt 0:01:06]} 44. Kd2 {[%emt 0:02:54]} Bf7 {[%emt 0:02:00]} 45. Ke3 {[%emt 0:01:23]} Be8 {[%emt 0:02:42]} 46. b4 {[%emt 0:00:07]} Rd8 {[%emt 0:00:18]} 47. g3 {[%emt 0:02:27]} Rd7 {[%emt 0:00:48]} 48. Rc8 {[%emt 0:00:07]} Kf7 {[%emt 0:00:23]} 49. Bc5 {[%emt 0:00:02]} f5 {[%emt 0:00:55]} 50. g4 {[%emt 0:01:43]} fxg4 {[%emt 0:00:41]} 51. fxg4 {[%emt 0:00:02]} Rb7 {[%emt 0:00:01]} 52. Ke4 {[%emt 0:00:37]} Bd7 {[%emt 0:00:06]} 53. Rf8+ {[%emt 0:00:07]} Kg7 {[%emt 0:00:21]} 54. Rf1 {[%emt 0:01:01]} Bxg4 {[%emt 0:00:35]} 55. Rg1 {[%emt 0:00:01]} Be6 {[%emt 0:00:13]} 56. Kxe5 {[%emt 0:00:22]} Bd5 {[%emt 0:01:35]} 57. Rxg5+ {[%emt 0:00:05]} Kf7 {[%emt 0:00:18]} 58. Kd6 {[%emt 0:01:02]} Kf6 {[%emt 0:00:19]} 59. Rg1 {[%emt 0:00:56]} Rf7 {[%emt 0:01:01]} 60. Rf1+ {[%emt 0:00:51]} Kg6 {[%emt 0:00:01]} 61. Rxf7 {[%emt 0:00:20]} Kxf7 {[%emt 0:00:01]} 62. b5 {[%emt 0:00:13]} 1-0

[Event "2nd Gujarat Open 2019"]
[Site "Ahmedabad, Gujarat"]
[Date "2019.09.27"]
[Round "8.2"]
[White "Himanshu, Sharma"]
[Black "Vasquez Schroeder, Rodrigo"]
[Result "1/2-1/2"]
[WhiteElo "2408"]
[BlackElo "2476"]
[Annotator "ChessBase"]
[PlyCount "202"]
[EventDate "2019.09.22"]
[EventType "swiss"]
[EventCountry "IND"]
[SourceTitle "playchess.com"]
[Source "ChessBase"]
[SourceQuality "1"]
[TimeControl "5400+30"]

1. e4 {[%emt 0:00:00]} c5 {[%emt 0:00:00]} 2. Nc3 {[%emt 0:00:00]} Nc6 {[%emt 0:00:09]} 3. Nge2 {[%emt 0:00:11]} g6 {[%emt 0:00:26]} 4. d4 {[%emt 0:00:28]} cxd4 {[%emt 0:00:06]} 5. Nxd4 {[%emt 0:00:02]} Bg7 {[%emt 0:00:07]} 6. Nde2 {[%emt 0:00:14]} Nf6 {[%emt 0:00:34]} 7. g3 {[%emt 0:03:45]} O-O {[%emt 0:00:31]} 8. Bg2 {[%emt 0:00:02]} d6 {[%emt 0:00:41]} 9. O-O {[%emt 0:00:06]} Rb8 {[%emt 0:00:24]} 10. a4 {[%emt 0:00:05]} a6 {[%emt 0:00:06]} 11. Nd5 {[%emt 0:00:35]} Nd7 {[%emt 0:00:18]} 12. c3 {[%emt 0:01:19]} b5 {[%emt 0:02:55]} 13. axb5 {[%emt 0:00:12]} axb5 {[%emt 0:00:04]} 14. Nd4 {[%emt 0:00:44]} Nde5 {[%emt 0:05:50]} 15. f4 {[%emt 0:07:11]} Nxd4 {[%emt 0:00:32]} 16. fxe5 {[%emt 0:00:09]} Nc6 {[%emt 0:08:16]} 17. exd6 {[%emt 0:00:27]} exd6 {[%emt 0:02:30]} 18. Bf4 {[%emt 0:07:35]} Ne5 {[%emt 0:03:02]} 19. Qd2 {[%emt 0:06:52]} Nc4 {[%emt 0:03:20]} 20. Qf2 {[%emt 0:01:49]} Be6 {[%emt 0:01:32]} 21. Nb4 {[%emt 0:02:04]} Rc8 {[%emt 0:01:20]} 22. Ra6 {[%emt 0:03:18]} Qc7 {[%emt 0:07:42]} 23. Rd1 {[%emt 0:06:58]} Nxb2 {[%emt 0:12:36]} 24. Rdxd6 {[%emt 0:09:21]} Qxc3 {[%emt 0:01:58]} 25. Nc6 {[%emt 0:01:41]} Nd3 {[%emt 0:02:14]} 26. Bd2 {[%emt 0:05:03]} Qxc6 {[%emt 0:23:58]} 27. Rdxc6 {[%emt 0:02:10]} Nxf2 {[%emt 0:00:10]} 28. Kxf2 {[%emt 0:00:08]} Rxc6 {[%emt 0:00:56]} 29. Rxc6 {[%emt 0:00:05]} Ra8 {[%emt 0:00:35]} 30. Bf1 {[%emt 0:07:13]} Bd4+ {[%emt 0:01:54]} 31. Be3 {[%emt 0:02:49]} Ra2+ {[%emt 0:00:32]} 32. Be2 {[%emt 0:00:40]} Bxe3+ {[%emt 0:04:47]} 33. Kxe3 {[%emt 0:00:04]} b4 {[%emt 0:00:06]} 34. Rb6 {[%emt 0:02:42]} Rb2 {[%emt 0:00:12]} 35. h4 {[%emt 0:00:55]} h5 {[%emt 0:00:10]} 36. Ba6 {[%emt 0:02:32]} Rb3+ {[%emt 0:03:40]} 37. Kf2 {[%emt 0:01:05]} Kg7 {[%emt 0:01:07]} 38. e5 {[%emt 0:04:55]} Rb2+ {[%emt 0:00:11]} 39. Ke3 {[%emt 0:02:40]} b3 {[%emt 0:00:13]} 40. Bb7 {[%emt 0:00:45]} Rb1 {[%emt 0:00:30]} 41. Be4 {[%emt 0:01:07]} Rc1 {[%emt 0:00:33]} 42. Rb5 {[%emt 0:01:14]} Re1+ {[%emt 0:02:32]} 43. Kf4 {[%emt 0:01:13]} Kf8 {[%emt 0:00:56]} 44. Rb8+ {[%emt 0:00:41]} Ke7 {[%emt 0:00:10]} 45. Bc6 {[%emt 0:00:56]} Rf1+ {[%emt 0:00:43]} 46. Ke3 {[%emt 0:00:16]} f5 {[%emt 0:00:36]} 47. exf6+ {[%emt 0:11:38]} Kxf6 {[%emt 0:00:38]} 48. Be4 {[%emt 0:00:52]} Bf7 {[%emt 0:01:27]} 49. Bd3 {[%emt 0:01:54]} Rg1 {[%emt 0:00:22]} 50. Kf4 {[%emt 0:00:21]} Rd1 {[%emt 0:00:55]} 51. Rb6+ {[%emt 0:00:09]} Kg7 {[%emt 0:00:18]} 52. Ke3 {[%emt 0:01:41]} Rc1 {[%emt 0:00:22]} 53. Kf4 {[%emt 0:00:37]} Rc3 {[%emt 0:00:18]} 54. Be4 {[%emt 0:00:22]} Rc4 {[%emt 0:00:46]} 55. Ke5 {[%emt 0:00:26]} Rc7 {[%emt 0:00:22]} 56. Kf4 {[%emt 0:00:23]} Re7 {[%emt 0:00:45]} 57. Bd3 {[%emt 0:00:51]} Re6 {[%emt 0:00:12]} 58. Rb7 {[%emt 0:00:21]} Rd6 59. Be4 {[%emt 0:01:23]} Kf6 {[%emt 0:02:05]} 60. Rb8 {[%emt 0:01:10]} Ra6 {[%emt 0:01:05]} 61. Rb4 {[%emt 0:00:52]} Be6 {[%emt 0:00:41]} 62. Rb8 {[%emt 0:01:10]} Bf7 {[%emt 0:01:08]} 63. Rb4 {[%emt 0:00:11]} Rd6 {[%emt 0:00:16]} 64. Rb8 {[%emt 0:00:29]} Rd1 {[%emt 0:03:17]} 65. Rb6+ {[%emt 0:00:10]} Ke7 {[%emt 0:00:27]} 66. Ke5 {[%emt 0:01:15]} Re1 {[%emt 0:02:00]} 67. Rb7+ {[%emt 0:00:12]} Kf8 {[%emt 0:00:02]} 68. Kf4 {[%emt 0:00:36]} Re2 {[%emt 0:00:20]} 69. Kf3 {[%emt 0:00:42]} Re1 {[%emt 0:00:25]} 70. Kf4 {[%emt 0:00:08]} Rg1 {[%emt 0:01:40]} 71. Bd3 {[%emt 0:00:57]} Rg2 {[%emt 0:00:21]} 72. Be4 {[%emt 0:00:12]} Re2 {[%emt 0:00:13]} 73. Kf3 {[%emt 0:00:09]} Rd2 {[%emt 0:01:02]} 74. Ke3 {[%emt 0:00:08]} Rd1 {[%emt 0:00:14]} 75. Bd3 {[%emt 0:01:01]} Rc1 {[%emt 0:00:41]} 76. Be4 {[%emt 0:00:29]} Rc3+ {[%emt 0:00:25]} 77. Kf4 {[%emt 0:00:10]} Rc5 {[%emt 0:00:37]} 78. Ke3 {[%emt 0:01:48]} Re5 {[%emt 0:00:14]} 79. Kf4 {[%emt 0:00:11]} Re7 {[%emt 0:00:13]} 80. Rb6 {[%emt 0:00:26]} Kg7 {[%emt 0:00:09]} 81. Rb8 {[%emt 0:00:42]} Kf6 {[%emt 0:00:21]} 82. Rb6+ {[%emt 0:00:11]} Re6 {[%emt 0:00:04]} 83. Rb8 {[%emt 0:00:46]} Rd6 {[%emt 0:00:27]} 84. Rb4 {[%emt 0:00:55]} Be6 {[%emt 0:00:08]} 85. Rb8 {[%emt 0:00:15]} Rd2 {[%emt 0:00:22]} 86. Ke3 {[%emt 0:00:23]} Rd6 {[%emt 0:00:52]} 87. Kf4 {[%emt 0:00:26]} Bf7 {[%emt 0:02:04]} 88. Rb4 {[%emt 0:00:38]} Ke7 {[%emt 0:01:00]} 89. Rb7+ {[%emt 0:00:09]} Rd7 {[%emt 0:00:39]} 90. Rb6 {[%emt 0:00:08]} Rd1 {[%emt 0:00:07]} 91. Rb7+ {[%emt 0:00:17]} Kf6 {[%emt 0:00:18]} 92. Rb6+ {[%emt 0:00:04]} Kg7 {[%emt 0:00:10]} 93. Rb7 {[%emt 0:01:11]} Rf1+ {[%emt 0:00:08]} 94. Ke3 {[%emt 0:00:20]} Kf6 {[%emt 0:00:17]} 95. Bd3 {[%emt 0:00:38]} Rg1 {[%emt 0:00:43]} 96. Kf4 {[%emt 0:00:10]} Rc1 {[%emt 0:01:56]} 97. Rb6+ {[%emt 0:00:07]} Kg7 {[%emt 0:00:10]} 98. Be4 {[%emt 0:00:42]} Rf1+ {[%emt 0:00:23]} 99. Ke3 Kf8 {[%emt 0:00:17]} 100. Bd3 {[%emt 0:01:15]} Rc1 {[%emt 0:00:35]} 101. Rb7 {[%emt 0:00:40]} Rc6 {[%emt 0:00:57]} 1/2-1/2

[Event "2nd Gujarat Open 2019"]
[Site "Ahmedabad, Gujarat"]
[Date "2019.09.27"]
[Round "8.3"]
[White "Chanda, Sandipan"]
[Black "Konguvel, Ponnuswamy"]
[Result "1/2-1/2"]
[WhiteElo "2529"]
[BlackElo "2374"]
[Annotator "ChessBase"]
[PlyCount "83"]
[EventDate "2019.09.22"]
[EventType "swiss"]
[EventCountry "IND"]
[SourceTitle "playchess.com"]
[Source "ChessBase"]
[SourceQuality "1"]
[TimeControl "5400+30"]

1. d4 {[%emt 0:00:00]} d6 {[%emt 0:00:00]} 2. e4 {[%emt 0:00:10]} g6 {[%emt 0:00:04]} 3. Nf3 {[%emt 0:01:00]} Bg7 {[%emt 0:00:26]} 4. Be2 {[%emt 0:00:14]} Nf6 {[%emt 0:07:25]} 5. Nc3 {[%emt 0:01:42]} O-O {[%emt 0:00:08]} 6. O-O {[%emt 0:00:07]} Bg4 {[%emt 0:05:50]} 7. Be3 {[%emt 0:01:21]} Nc6 {[%emt 0:12:12]} 8. d5 {[%emt 0:03:39]} Bxf3 {[%emt 0:00:04]} 9. Bxf3 {[%emt 0:00:21]} Ne5 {[%emt 0:00:03]} 10. Be2 {[%emt 0:00:31]} c6 {[%emt 0:00:03]} 11. f4 {[%emt 0:13:52]} Ned7 {[%emt 0:00:26]} 12. dxc6 {[%emt 0:04:17]} bxc6 {[%emt 0:00:04]} 13. Bf3 {[%emt 0:00:59]} Rb8 {[%emt 0:04:38]} 14. Rb1 {[%emt 0:02:26]} Qc7 {[%emt 0:09:55]} 15. Qd3 {[%emt 0:07:05]} Rb7 {[%emt 0:01:13]} 16. b3 {[%emt 0:02:19]} Qa5 {[%emt 0:06:23]} 17. Na4 {[%emt 0:03:02]} Rd8 {[%emt 0:13:34]} 18. Rbd1 {[%emt 0:12:56]} Rbb8 {[%emt 0:00:04]} 19. c4 {[%emt 0:02:19]} Ne8 {[%emt 0:02:12]} 20. Qc2 {[%emt 0:09:08]} Nb6 {[%emt 0:12:13]} 21. Nxb6 {[%emt 0:01:23]} axb6 {[%emt 0:00:03]} 22. Qf2 {[%emt 0:00:17]} b5 {[%emt 0:03:41]} 23. c5 {[%emt 0:01:18]} b4 {[%emt 0:09:12]} 24. e5 {[%emt 0:03:40]} Qc7 {[%emt 0:00:03]} 25. cxd6 {[%emt 0:05:54]} exd6 {[%emt 0:00:04]} 26. Rc1 {[%emt 0:00:27]} dxe5 {[%emt 0:00:49]} 27. Bxc6 {[%emt 0:01:33]} Qe7 {[%emt 0:01:07]} 28. f5 {[%emt 0:04:37]} Rbc8 {[%emt 0:03:31]} 29. h4 {[%emt 0:05:45]} e4 {[%emt 0:04:52]} 30. fxg6 {[%emt 0:03:47]} hxg6 {[%emt 0:00:49]} 31. Bd5 {[%emt 0:00:18]} Rxc1 {[%emt 0:00:40]} 32. Bxf7+ {[%emt 0:00:51]} Kh8 {[%emt 0:00:16]} 33. Rxc1 {[%emt 0:00:12]} Nf6 {[%emt 0:00:34]} 34. Bxg6 {[%emt 0:01:15]} Ng4 {[%emt 0:00:01]} 35. Bg5 {[%emt 0:03:43]} Qd6 {[%emt 0:00:48]} 36. Qf4 {[%emt 0:00:22]} Qd1+ {[%emt 0:02:31]} 37. Qf1 {[%emt 0:00:15]} Qd4+ {[%emt 0:01:35]} 38. Kh1 {[%emt 0:00:01]} Qd6 {[%emt 0:00:28]} 39. Qf4 {[%emt 0:01:43]} Qd1+ {[%emt 0:00:01]} 40. Qf1 {[%emt 0:00:04]} Qd6 {[%emt 0:00:02]} 41. Qf4 {[%emt 0:01:33]} Qd1+ {[%emt 0:00:00]} 42. Qf1 {[%emt 0:00:37]} 1/2-1/2

[Event "2nd Gujarat Open 2019"]
[Site "Ahmedabad, Gujarat"]
[Date "2019.09.27"]
[Round "8.4"]
[White "Eraschenkov, Denis"]
[Black "Saptarshi, Roy"]
[Result "0-1"]
[WhiteElo "2390"]
[BlackElo "2480"]
[Annotator "ChessBase"]
[PlyCount "68"]
[EventDate "2019.09.22"]
[EventType "swiss"]
[EventCountry "IND"]
[SourceTitle "playchess.com"]
[Source "ChessBase"]
[SourceQuality "1"]
[TimeControl "5400+30"]

1. Nf3 {[%emt 0:00:46]} Nc6 {[%emt 0:00:00]} 2. d4 {[%emt 0:01:42]} d5 {[%emt 0:00:03]} 3. Bf4 {[%emt 0:03:51]} Bg4 {[%emt 0:00:11]} 4. e3 {[%emt 0:01:14]} f6 {[%emt 0:00:08]} 5. Bb5 {[%emt 0:05:08]} e6 {[%emt 0:00:33]} 6. Nbd2 {[%emt 0:04:52]} Bd6 {[%emt 0:00:27]} 7. Bg3 {[%emt 0:03:39]} Nge7 {[%emt 0:00:29]} 8. c4 {[%emt 0:06:43]} O-O {[%emt 0:00:41]} 9. O-O {[%emt 0:09:20]} a6 {[%emt 0:01:14]} 10. cxd5 {[%emt 0:00:50]} exd5 {[%emt 0:00:36]} 11. Bd3 {[%emt 0:03:32]} Bxg3 {[%emt 0:05:53]} 12. hxg3 {[%emt 0:00:13]} f5 {[%emt 0:00:52]} 13. Qb3 {[%emt 0:17:35]} Rb8 {[%emt 0:05:36]} 14. Rfc1 {[%emt 0:06:39]} Kh8 {[%emt 0:01:57]} 15. Rc5 {[%emt 0:01:36]} Rf6 {[%emt 0:02:18]} 16. Rac1 {[%emt 0:03:53]} Rh6 {[%emt 0:05:36]} 17. Ng5 {[%emt 0:01:56]} Qe8 {[%emt 0:01:15]} 18. f4 {[%emt 0:00:47]} Rd6 {[%emt 0:15:27]} 19. Kf2 {[%emt 0:02:00]} Qh5 {[%emt 0:16:09]} 20. a3 {[%emt 0:00:47]} h6 {[%emt 0:04:29]} 21. Nh3 {[%emt 0:04:48]} Qe8 {[%emt 0:06:33]} 22. Nf3 {[%emt 0:03:48]} Re6 {[%emt 0:11:37]} 23. Nhg1 {[%emt 0:05:13]} Qh5 {[%emt 0:11:02]} 24. Ne5 {[%emt 0:00:56]} Nxe5 {[%emt 0:00:09]} 25. dxe5 {[%emt 0:00:11]} c6 {[%emt 0:00:44]} 26. Bxa6 {[%emt 0:04:56]} b5 {[%emt 0:02:06]} 27. a4 {[%emt 0:00:54]} Rg6 {[%emt 0:00:38]} 28. axb5 {[%emt 0:02:58]} Qh2 {[%emt 0:00:07]} 29. Kf1 {[%emt 0:00:22]} Qxg3 {[%emt 0:00:56]} 30. R5c2 {[%emt 0:01:22]} d4 {[%emt 0:00:40]} 31. Ne2 {[%emt 0:01:15]} Bxe2+ {[%emt 0:00:31]} 32. Rxe2 {[%emt 0:00:24]} Nd5 {[%emt 0:00:16]} 33. Qa3 {[%emt 0:01:13]} Nxf4 {[%emt 0:04:52]} 34. Rce1 {[%emt 0:00:58]} Qh2 {[%emt 0:01:22]} 0-1